• 首页
  • 本馆介绍
  • 公告通知
  • 最新文献
  • 馆藏检索
  • 电子资源
  • 读者导购
  • 参考咨询
  • 我的图书馆
  • 登录
  • 详细信息显示
  • 放入我的书架
  • 预约/预借图书
  • 作者相关作品
  • 分类相关作品
  • 丛书相关作品
  • 出版社相关作品

书目信息

  • 表格格式
  • 工作单格式
  • 卡片格式
题名:
汉英化学化工词汇
    
 
作者: ;科学出版社名词室 编
分册:  
出版信息: 北京   科学出版社  2002
页数: 1752页
开本: 21cm
丛书名:
单 册:
中图分类: O6-61 , TQ-61
科图分类:
主题词: 化学--词汇--汉语--英语 , 化学工业--词汇--汉语--英语 , CT--S032689--化学 , CT--S032734--化学工业
电子资源:
ISBN: 7-03-010581-8
000 00997nam0 2200301 450
001 002198417
005 20070805104313.29
010    @a7-03-010581-8@b精装@dCNY98.00
035    @a002198417
100    @a20021128e20072002em y0chiy0110 ea
101 0  @achi@aeng
102    @aCN@b110000
105    @ay e 000yy
106    @ar
200 1  @a汉英化学化工词汇@Ahan ying hua xue hua gong ci hui@f科学出版社名词室编@Fke xue chu ban she ming ci shi bian
210    @a北京@c科学出版社@d2002@h2007重印
215    @a1752页@d21cm
330    @a本书共收集了化学化工专业词汇及密切相关词汇近17万条。
510 1  @aChinese-English Dictionary of Chemistry and Chemical Engineering@zeng
606 0  @a化学@x词汇@x汉语@x英语
606 0  @a化学工业@x词汇@x汉语@x英语
606 0  @2CT@3S032689@a化学
606 0  @2CT@3S032734@a化学工业
690    @aO6-61@v4
690    @aTQ-61@v4
711 02 @a科学出版社名词室@Ake xue chu ban she ming ci shi@4编
801  0 @aCN@bNLC@c20070805
905    @dO6-61@e401@f1
    
    汉英化学化工词汇/科学出版社名词室编.-北京:科学出版社,2002(2007重印)
    1752页;21cm
    
    
    ISBN 7-03-010581-8(精装):CNY98.00
    本书共收集了化学化工专业词汇及密切相关词汇近17万条。
●
相关链接 在E读中查询图书 在五车中查询图书 在当当中查询图书 在豆瓣中查询图书


正题名:汉英化学化工词汇     索取号:O6-61/401         预约/预借

序号 登录号 条形码 馆藏地/架位号 状态 备注
1 0851679   208516792   第二样本阅览室/ [索取号:O6-61/401] 在馆    
唐山师范学院图书馆 欢迎您!
大连网信软件有限公司© 版权所有